000 02806nam a22003855a 4500
005 20091217141512.0
008 091120t20092006paua j 001 0 eng
010 _aB-385441-452
020 _a9780440420620
_c163.00
035 _aB-385441-452
037 _bBlueberry Books
040 _adpl
_bEnglish
082 _aS
100 _aSharmat, Marjorie Weinman
245 _aOlivia Sharp:
_cby Marjorie Weinman Sharmat [and] Mitchell Sharmat ; illustrated by Denise Brunkus
_bthe sly spy /
260 _aNew York
_bYearling Books
_c2005
270 _bNew York
300 _a74 p. :
_bcol. ill.
_c20cm(pbk)
700 _aSharmat, Mitchell
700 _aBrunkus, Denise
942 _2ddc
_cCH
_hS
_mSHA
999 _c33118
_d33118